[Event "Club Championships, B Grade"]
[Site "Wellington Chess Club"]
[Date "2018.09.20"]
[Round "1.2.3"]
[White "Sole, Michael"]
[Black "Aldridge, Alan"]
[Result "0-1"]
[WhiteElo "1899"]
[BlackElo "1892"]

1. e4 c6 2. d4 d5 3. Nd2 dxe4 4. Nxe4 Bf5 5. Ng3 Bg6 6. h4 h6 7. Nf3 Nd7 8. h5
Bh7 9. Bd3 Bxd3 10. Qxd3 Qc7 11. Bd2 Ngf6 12. Ne4 e6 13. O-O-O Nxe4 14. Qxe4
Nf6 15. Qe2 O-O-O 16. Kb1 Bd6 17. Ne5 Bxe5 18. dxe5 Nd5 19. c4 Ne7 20. g4 c5
21. Bc3 Nc6 22. Qe4 Rd7 23. f4 Rhd8 24. Qe2 Nd4 25. Qe3 Qc6 26. Rhg1 Nf5 27.
Qe2 Rxd1+ 28. Rxd1 Rxd1+ 29. Qxd1 Qe4+ 30. Qc2 Qxc2+ 31. Kxc2 Ne3+ 32. Kd3 Nxg4
33. Ke2 g6 34. Kf3 gxh5 35. a3 a6 36. a4 Kd7 37. b3 Ke7 38. Be1 f6 39. Ke4 Kf7
40. Bg3 fxe5 41. fxe5 Kg6 42. Bh4 Nh2 43. Bg3 Nf1 44. Be1 Kg5 45. Kf3 h4 46.
Bc3 h5 47. Kg2 Ne3+ 48. Kf3 Nc2 0-1

[Event "Club Championships, B Grade"]
[Site "Wellington Chess Club"]
[Date "2018.09.20"]
[Round "1.2.4"]
[White "Winfield, Alan"]
[Black "Benitez, Edgar"]
[Result "1/2-1/2"]
[WhiteElo "1957"]
[BlackElo "2006"]

1. f4 f5 2. Nf3 Nf6 3. b3 g6 4. Bb2 Bg7 5. e3 O-O 6. Be2 c5 7. O-O Nc6 8. c4 b6
9. Nc3 Bb7 10. d4 cxd4 11. exd4 Ne4 12. Nxe4 fxe4 13. Ne5 Nxe5 14. fxe5 Qc7 15.
Qd2 d6 16. exd6 Qxd6 17. Rad1 Rxf1+ 18. Bxf1 Rd8 19. d5 Bc8 20. Bxg7 Kxg7 21.
Qd4+ Qf6 22. Qxe4 Rf8 23. Qd4 Bg4 24. Qxf6+ Rxf6 25. Re1 Kf8 26. Bd3 Ke8 27.
Rf1 Rd6 28. Rf4 Bd7 29. Rh4 h5 30. Be4 Bg4 31. Bf3 g5 32. Rxg4 hxg4 33. Bxg4 a5
34. Be6 Rd8 35. Kf2 Kf8 36. Kg3 Kg7 37. Kf3 Kf6 38. Ke4 Rh8 39. h3 Rh4+ 40. Bg4
Rh8 41. a3 Ra8 42. Kd4 Ra7 43. Be6 1/2-1/2

[Event "Club Championships, B Grade"]
[Site "Wellington Chess Club"]
[Date "2018.09.20"]
[Round "1.2.5"]
[White "Jackson, Ross"]
[Black "Chen, Wei Kai"]
[Result "1-0"]
[WhiteElo "1945"]
[BlackElo "1895"]

1. d4 d5 2. c4 e6 3. Nc3 Nf6 4. cxd5 exd5 5. Bg5 c6 6. e3 Bd6 7. Bd3 h6 8. Bh4
O-O 9. Nge2 Bg4 10. Qc2 Nbd7 11. h3 $6 Bxe2 12. Bxe2 $2 g5 13. Bg3 Bxg3 14.
fxg3 Re8 15. Qd3 Qe7 16. Kf2 c5 {(b5 immediately is better)} 17. Rhe1 c4 18.
Qd2 b5 19. Bf3 b4 {?} 20. Nxd5 Nxd5 21. Bxd5 Rac8 22. Rac1 Nf6 23. Bf3 h5 24.
g4 $2 (24. e4 $1) 24... Ne4+ 25. Bxe4 Qxe4 26. gxh5 g4 27. hxg4 Qxg4 28. Qxb4
Rb8 29. Qd2 Rb5 30. Qe2 Qh4+ 31. Kg1 Rxh5 32. Qf3 Re6 $2 (32... Rb8 {"possibly
wins for Black" (Ross) (but not according to Stockfish} 33. Rf1 Qh1+ 34. Kf2
Rxb2+ 35. Ke1 f5 36. Rxc4 Qxg2 37. Qxg2+ Rxg2 38. Rf2 {and White takes over} )
33. Rf1 Rh7 34. Rxc4 Rg7 35. Rc6 Re4 36. Rc8+ Kh7 37. Qf5+ Rg6 38. Qxf7+ Rg7
39. Qf5+ Rg6 40. Rh8+ Kxh8 41. Qxg6 1-0

[Event "Club Championships, B Grade"]
[Site "Wellington Chess Club"]
[Date "2018.09.27"]
[Round "2.2.1"]
[White "Mullan, Brett"]
[Black "Day, Fabian"]
[Result "0-1"]
[WhiteElo "1923"]
[BlackElo "1899"]

1. Nf3 Nf6 2. g3 g6 3. Bg2 Bg7 4. O-O O-O 5. d4 d6 6. c4 Nc6 7. Nc3 h6 8. e3 e5
9. a3 Re8 10. d5 Ne7 11. Qc2 Nd7 12. e4 f5 13. Be3 Nf6 14. Nd2 Ng4 15. Qd3 Rf8
16. f4 fxe4 17. Ndxe4 Nxe3 18. Qxe3 Nf5 19. Qd3 Nd4 20. fxe5 Rxf1+ 21. Rxf1
Bxe5 22. b4 Qe7 23. Ne2 Nxe2+ 24. Qxe2 Bf5 25. Qe3 Bg7 26. Qf4 Qe5 27. Qxe5
Bxe5 28. Re1 a6 29. Kf1 Kf7 30. Ke2 Re8 31. Rf1 Ke7 32. a4 a5 33. b5 Rf8 34.
Ke3 Bd7 35. Rxf8 Kxf8 36. Nf2 Kf7 37. Nd3 Kf6 38. Be4 Bc3 39. Nf4 g5 40. Ne2
Bb4 41. Kf3 Ke5 42. Ke3 Bg4 43. Bf3 Bc5+ 44. Kd3 Bxf3 45. Nc1 Bd1 46. Kd2 Bxa4
47. Nd3+ 0-1

[Event "Club Championships, B Grade"]
[Site "Wellington Chess Club"]
[Date "2018.09.27"]
[Round "2.2.3"]
[White "Aldridge, Alan"]
[Black "Winfield, Alan"]
[Result "1-0"]
[WhiteElo "1892"]
[BlackElo "1957"]

1. d4 e6 2. c4 f5 3. Nc3 Nf6 4. Nf3 b6 5. a3 Bb7 6. e3 Ne4 7. Nxe4 Bxe4 8. Bd3
Be7 9. b4 Bf6 10. Qc2 Bxf3 11. gxf3 c5 12. Bb2 cxd4 13. Bxd4 Bxd4 14. exd4 Qf6
15. Rd1 O-O 16. b5 a6 17. a4 axb5 18. axb5 Qxd4 19. Be2 Ra1 20. O-O Rxd1 21.
Rxd1 Qc5 22. Qd2 f4 23. Bf1 Rf6 24. Kh1 Rg6 25. Bd3 Rh6 26. Rg1 Qh5 27. Qxf4 e5
28. Qg3 Qf7 29. Ra1 d6 30. Ra8 Qc7 31. Be4 Rf6 32. Bd5+ Kh8 33. Qg4 Rf8 34. Qe6
Qd8 35. Ra7 Qg5 36. Qe7 Qxe7 37. Rxe7 Rd8 38. Rb7 Nd7 39. Bc6 Nc5 40. Rxb6 Kg8
41. Bd5+ Kf8 42. Rc6 Ke7 43. Rc7+ Rd7 44. Rxd7+ Kxd7 45. Kg2 Kc7 46. Kf1 Nd3
47. Bg8 h6 48. Ke2 Nb2 49. Ke3 Kb6 50. Ke4 Kc5 51. Kf5 Nxc4 52. Bxc4 1-0

[Event "Club Championships, B Grade"]
[Site "Wellington Chess Club"]
[Date "2018.09.27"]
[Round "2.2.5"]
[White "Chen, Wei Kai"]
[Black "Lyall, Gordon"]
[Result "1-0"]
[WhiteElo "1895"]
[BlackElo "1854"]

1. e4 c6 2. d4 d5 3. Nc3 dxe4 4. Nxe4 Nf6 5. Nxf6+ gxf6 6. Nf3 Bg4 7. c3 Qc7 8.
Be2 Nd7 9. Be3 e6 10. Qd2 Nb6 11. h3 Bxf3 12. Bxf3 Nc4 13. Qe2 Nxe3 14. Qxe3
Bd6 15. Rd1 Bf4 16. Qe4 O-O-O 17. O-O f5 18. Qc2 Qe7 19. Qa4 Bb8 20. Rfe1 Qc7
21. b4 a6 22. c4 e5 23. dxe5 Rxd1 24. Qxd1 Re8 25. b5 axb5 26. cxb5 c5 27. Qd5
Rxe5 28. Rxe5 Qxe5 29. Qxb7+ Kd8 30. g3 Qc7 31. Qd5+ Ke7 32. Bh5 Kf8 33. b6 Qe7
34. Qxf5 Kg7 35. Qg4+ Kh6 36. Qg8 Kxh5 37. Qxh7+ Kg5 38. Qh4+ 1-0

[Event "Club Championships, B Grade"]
[Site "Wellington Chess Club"]
[Date "2018.09.27"]
[Round "4.2.3"]
[White "Rossiter, Philip"]
[Black "Jackson, Ross"]
[Result "1-0"]
[WhiteElo "1947"]
[BlackElo "1945"]

1. c4 Nf6 2. Nc3 g6 3. d4 Bg7 4. Nf3 O-O 5. Bg5 d6 6. e3 c6 7. Bd3 Bg4 8. h3
Bd7 9. Qc2 Na6 10. a3 Nc7 11. O-O b5 12. Rac1 bxc4 13. Bxc4 d5 14. Bd3 Ne6 15.
Bh4 Be8 16. b4 Nd7 17. Rfd1 f6 18. Bg3 f5 19. b5 cxb5 20. Nxd5 Nb6 21. Nxb6
axb6 22. Qb3 Bf7 23. Qxb5 Rxa3 24. Ne5 Bxe5 25. Bxe5 Ra5 26. Qc6 Ra3 27. Bc4
Ng5 28. Bc7 Qa8 29. Bxf7+ Rxf7 30. Qxa8+ Rxa8 31. Bxb6 Ne4 32. Ra1 Rc8 33. Rdc1
Rb8 34. Rab1 Nd2 35. Rb4 Rf6 36. Bc5 Rc8 37. Ra1 Rf7 38. Ra7 Ne4 39. Rb5 Nc3
40. Rba5 Nd5 41. Ra8 Rff8 42. Rxc8 Rxc8 43. Ra7 Kf7 44. Kf1 Ke6 45. Ke2 Re8 46.
f3 Kf6 47. Kd3 Ke6 48. g3 Nf6 49. e4 fxe4+ 50. fxe4 Nh5 51. d5+ Ke5 52. Bxe7
Nxg3 53. d6 Nxe4 54. d7 Rxe7 55. d8=Q Rxa7 56. Qb8+ Nd6 57. Qxa7 1-0

[Event "Club Championships, B Grade"]
[Site "Wellington Chess Club"]
[Date "2018.10.04"]
[Round "3.2"]
[White "Chen, Wei Kai"]
[Black "Benitez, Edgar"]
[Result "1/2-1/2"]
[WhiteElo "1895"]
[BlackElo "2006"]

1. b3 e5 2. Bb2 Nc6 3. e3 d6 4. Nf3 Nf6 5. Be2 g6 6. O-O Bg7 7. c4 O-O 8. d4
Nd7 9. Nc3 Re8 10. Re1 exd4 11. exd4 Nf6 12. Bd3 Bg4 13. d5 Rxe1+ 14. Qxe1 Bxf3
15. dxc6 Bxc6 16. Qd2 Qd7 17. Re1 Re8 18. Ne2 b6 19. Ng3 Rxe1+ 20. Qxe1 Qe6 21.
Qxe6 fxe6 22. Bc1 a5 23. h4 e5 24. h5 Kf7 25. f3 gxh5 26. Bg5 h6 27. Bh4 Bd7
28. Bf5 Bc6 29. Bd3 d5 30. cxd5 Bxd5 31. Nf5 Bf8 32. Bg3 Ke6 33. Kf1 a4 34. f4
axb3 35. axb3 c5 36. Ne3 Bxb3 37. Bf5+ Kf7 38. fxe5 Ng8 39. Bd3 Be6 40. Be2 Ke7
41. Nc4 b5 42. Nd6 c4 43. Bxh5 b4 44. Be8 Kd8 45. Ba4 Ne7 46. Bf2 Kc7 47. Bc5
b3 48. Ne8+ Kb7 49. Nd6+ Kb8 50. Nb5 b2 51. Bc2 Ng6 52. Bxf8 Nxf8 53. Nc3 Nd7
54. Na4 Nxe5 55. Nxb2 Kc7 56. Nd1 Kd6 57. Kf2 Kc5 58. Ke3 Nc6 59. Nc3 Nb4 60.
Ne4+ Kd5 61. Bd1 Bf5 62. Nc3+ Ke5 63. g4 Bd3 64. Bf3 Nc2+ 65. Kd2 Kf4 66. Bd1
Nd4 67. Nd5+ Ke5 68. Ne3 Nb5 69. Ba4 Nd6 70. Bd1 Nb5 71. Ba4 Nc7 72. Kc3 Nd5+
73. Nxd5 Kxd5 74. Bd7 Ke5 75. Kd2 Kd4 76. Ba4 c3+ 77. Kc1 Ke3 78. Bd7 Kf4 79.
Be6 Be2 80. Kc2 Bxg4 81. Bf7 Bf5+ 82. Kxc3 Kg5 83. Kd2 Bg6 84. Be6 h5 85. Ke2
Bf5 86. Bxf5 Kxf5 87. Kf3 h4 88. Kg2 Kg4 89. Kh2 h3 90. Kg1 Kg3 91. Kh1 Kf3 92.
Kh2 Kg4 93. Kh1 Kg3 94. Kg1 Kh4 95. Kh2 Kg4 96. Kh1 Kg3 1/2-1/2

[Event "Club Championships, B Grade"]
[Site "Wellington Chess Club"]
[Date "2018.10.04"]
[Round "3.2"]
[White "Jackson, Ross"]
[Black "Aldridge, Alan"]
[Result "0-1"]
[WhiteElo "1945"]
[BlackElo "1892"]

1. d4 Nf6 2. c4 e6 3. Nf3 Bb4+ 4. Nc3 O-O 5. Bg5 d5 6. e3 c5 7. a3 Bxc3+ 8.
bxc3 Qa5 9. Bxf6 Qxc3+ 10. Nd2 gxf6 11. Rc1 Qxa3 12. Ra1 Qb4 13. cxd5 exd5 14.
dxc5 Nc6 15. Be2 Bf5 16. O-O Ne5 17. Ra4 Qxc5 18. Rf4 Qc2 19. Qxc2 Bxc2 20.
Rxf6 Rac8 21. Nf3 Nxf3+ 22. Bxf3 Rfd8 23. Bg4 Rc4 24. h3 Kg7 25. Rf3 Rb4 26.
Bf5 Bxf5 27. Rxf5 Rb6 28. Rc1 Rc6 29. Rd1 Rcd6 30. Rd4 b5 31. Rg5+ Kf8 32. Rh5
h6 33. Rdh4 a5 34. Rxh6 a4 35. Rh8+ Ke7 36. Rxd8 Rxd8 37. Rb4 Rb8 0-1

[Event "Club Championships, B Grade"]
[Site "Wellington Chess Club"]
[Date "2018.10.04"]
[Round "3.2"]
[White "Sole, Michael"]
[Black "Mullan, Brett"]
[Result "1-0"]
[WhiteElo "1899"]
[BlackElo "1923"]

1. e4 { I arrived at the game around 8pm, after missing a bus. I had 70 minutes
to Brett's starting 90, so I tried to play an opening that I knew to avoid
potential time trouble. } 1... c5 2. Nf3 Nc6 3. d4 cxd4 4. Nxd4 e6 5. Nb5 $5 {
A slightly offbeat line against the Taimanov to ensure a Maroczy Bind position
}  (5. Nc3 Qc7 6. Be3 a6 { The mainline Taimanov positions start to branch off
from here. } )  (5. c4 $6 { 5. c4 is considered an inaccurate way of getting a
Maroczy Bind, with no pawn on d6 blocking the DSB from getting to b4 and
putting additional pressure on the white centre. } 5... Nf6 6. Nc3 Bb4 7. Nxc6
bxc6 8. Bd3 e5) 5... d6 { Preventing Nd6+ ideas } 6. c4 a6 7. N5c3 Nf6 8. Be2
Be7 9. O-O O-O 10. Be3 Qc7 (10... b6 11. Nd2 (11. Na3 Bb7 12. Qb3 Nd7) 11...
Bb7 12. Rc1) 11. Na3 Nd7 12. Nc2 Nce5 13. b3 $6 { The move weakens the position
of the c3 Knight by removing its defence. This move later allows for the many
b5 breaks that were available. }  (13. Na3 { Instead, the retreat Na3 is better
to protect the c4 pawn. This is not a waste of a tempo as the e5 Knight can be
kicked with f4. If the knight goes back to c6, repeating the position, white
can deviate and play Rc1. } 13... Nc6 14. Rc1) 13... b6 (13... b5 $5 { This
breaking move starts a wide range of tactical lines that are quite messy, using
the pin of the c pawn on the c3 Knight. } 14. f4 bxc4 15. fxe5 cxb3 16. exd6 (
16. axb3 Qxc3 17. Bd4 Qc7 { Black is a pawn up and has a more solid position. }
) 16... bxc2 (16... Bxd6 17. axb3 Qxc3 18. Qxd6 Qxc2 19. Bd2 { With a roughly
equal position where white has compensation for the pawn. } ) 17. dxc7 cxd1=Q
18. Rfxd1 { The c7 pawn is hard to attack and white has many squares for his
pieces but black has the better pawn structure with white's e4 pawn being
isolated. White is ahead here. } ) 14. f4 Nc6 15. Qd2 Bb7 16. Bf3 Rac8 17. Qf2
$6 { Wasting time after the accurate Bf6, gaining tempo after the queen
retreats back to d2 to protect the knight. }  (17. Rac1 { Better was Rac1,
removing the pin after Bf6 and allows for the Queen to move (Qf2) } 17... Rfd8
18. Rfd1 Bf6 19. Bf2 Qb8 20. Ne2 Qa8 { With typical play of a Maroczy Bind. } )
17... Bf6 $1 18. Qd2 $6 (18. Nd4 Nxd4 19. Bxd4 Bxd4 20. Qxd4 { I wanted to try
and avoid getting the dreaded good knight vs bad bishop endgame, that is often
black's main method of winning in the Maroczy Bind. This line trades down many
of my best pieces, leaving black with the better pieces. In this position,
again, b5 is an idea, using the battery of the queen and rook against the c3
Knight. } ) 18... Na5 (18... b5 $1 19. Rad1 bxc4 20. Ne2 cxb3 21. axb3) 19.
Rac1 Nc5 (19... b5 20. Be2 (20. Rfd1 $1 { Stockfish recommends temporary giving
up the c4 pawn with Rfd1 and winning it back with Na3. } 20... bxc4 (20... Rfd8
) 21. Na3 cxb3 22. Nd5 $1 Qd8 23. Rxc8 Qxc8 24. Nxf6+ Nxf6 25. Qxa5 bxa2) 20...
bxc4 21. bxc4 Nxc4 22. Bxc4 Qxc4 23. Qxd6 { This is the line I looked at during
the game but there is a great resource for black, BxNc3 } 23... Qxc3 (23...
Bxc3 24. Qxd7 Qxe4) 24. Qxd7 Bxe4 { Black should be slightly better here with
the more active pieces and additional pawn. } ) 20. Bxc5 { Having to give up
the nice Be3 piece to preserve the e4 pawn. } 20... Qxc5+ 21. Kh1 Qc7 $6 { This
move I believe is trying to consolidate black's queenside advantage, but I feel
that it is too passive and allows me to go on the counter-attack, beginning
with Ne3 } 22. Ne3 Rfd8 23. Ng4 { Aiming to harass the DSB and support the
kingside attack with the Queen and Knight working with the f5-f6 break. }  (23.
Ncd5 $1 { Also good is the Stockfish recommended piece sac, Ncd5! This doesn't
allow for BxNc3 and is much more forcing. White gains the material back by
force. } 23... exd5 24. cxd5 Qd7 25. b4 Rxc1 { Needed to avoid the pin after
Bg4. } 26. Rxc1 Rc8 27. bxa5 Rxc1+ 28. Qxc1 { With a roughly equal
middle/endgame } ) 23... Be7 $6 { This retreat gives white the advantage as he
has free roam for the kingside attack, starting with f5. }  (23... Bxc3 { The
only move to keep the balance but has to surrender the bishop pair. } 24. Qxc3)
24. f5 $1 { Starting the f5-f6 push. } 24... Bc6 $2 { White is now much better.
The planned Bc6-e8 manoeuvre does little to help the defence. f6 now blocks the
bishops defence and allows the Queen to infiltrate the black kingside. } 25. f6
Bxf6 26. Nxf6+ gxf6 27. Bh5 { Opens up the f file for the rook to lift over to
the kingside and to attack the f6 pawn and f7 square with the bishop and rook
targetting f7. }  (27. Nd5 { The fun Nd5 is just as effective. } 27... exd5 28.
exd5 Bd7 (28... Qe7 29. dxc6 Nxc6) 29. Bh5 Rf8 30. Rxf6) 27... Qe7 28. Qh6 Be8
$2 { f5 was the only hope to try and block the Rf1-f3-g3 and targetting on g7
and f6. It is now a mate in 6. } 29. Rf3 Rc5 30. h4 $6 { Winning but delays the
end of the game. }  (30. Nd5 $1 { Another chance at playing an Nd5 sac, with
the purpose of blocking the c5 Rook blocking the check from the Rook on g3. }
30... Rxd5 31. exd5 f5 32. Rg3+ Qg5 33. Rxg5+ Kh8 34. Qf6#) 30... Rg5 (30...
Rxh5 31. Qxh5 (31. Rg3+ Rg5 32. hxg5 f5 33. Rh3 { White's attack cannot be
stopped. } ) 31... Qf8 { Also winning. } ) 31. hxg5 fxg5 32. Rcf1 f5 33. Bxe8
Rxe8 34. exf5 Qg7 35. Qxg7+ Kxg7 36. f6+ Kf7 37. Ne4 Rg8 38. Nxd6+ Kf8 { Here
Brett resigned. 1-0 } 1-0

[Event "Club Championships, B Grade"]
[Site "Wellington Chess Club"]
[Date "2018.10.04"]
[Round "3.3.1"]
[White "Hall, Nathan"]
[Black "Stoeveken, Peter"]
[Result "1-0"]
[WhiteElo "1863"]
[BlackElo "1822"]

1. e4 c5 2. Nc3 Nc6 3. f4 e6 4. Nf3 d5 5. e5 f6 6. Bb5 Bd7 7. O-O Qb6 8. Bxc6
Bxc6 9. exf6 Nxf6 10. d3 Bd6 11. Re1 O-O 12. Rxe6 Bd7 13. Rxf6 gxf6 14. Nxd5
Qc6 15. Nc3 Rae8 16. Ne4 Bc7 17. Bd2 Bg4 18. h3 Bf5 19. Ng3 Bg6 20. Nh4 Qa4 21.
Nxg6 hxg6 22. Qg4 Kh7 23. Rf1 Rf7 24. Ne4 Kg7 25. f5 g5 26. Bxg5 Qd4+ 27. Be3+
Kf8 28. Bxd4 cxd4 29. Nc5 1-0

[Event "Club Championships, B Grade"]
[Site "Wellington Chess Club"]
[Date "2018.10.11"]
[Round "4.2"]
[White "Aldridge, Alan"]
[Black "Chen, Wei Kai"]
[Result "1-0"]
[WhiteElo "1892"]
[BlackElo "1895"]

1. d4 Nf6 2. c4 e6 3. Nf3 Bb4+ 4. Bd2 Bxd2+ 5. Nbxd2 b6 6. e4 Bb7 7. Bd3 O-O 8.
Qc2 Nc6 9. a3 h6 10. e5 Ne8 11. O-O-O d6 12. Rhg1 dxe5 13. dxe5 Nd4 14. Qc3 c5
15. g4 Nxf3 16. Nxf3 Kh8 17. Bb1 Qe7 18. Qd3 g6 19. h4 Ng7 20. Qe3 Bxf3 21.
Qxf3 Rad8 22. Qf6 Qc7 23. h5 Rd4 24. hxg6 Qd7 25. Bc2 Kg8 26. gxf7+ Rxf7 27.
Qxh6 Rxf2 28. Qh7+ Kf8 29. Rgf1 Rxd1+ 30. Rxd1 Qf7 31. Rd8+ Ne8 32. Qh6+ Ke7
33. Qh4+ Nf6 34. Qxf2 1-0

[Event "Club Championships, B Grade"]
[Site "Wellington Chess Club"]
[Date "2018.10.11"]
[Round "4.2"]
[White "Lyall, Gordon"]
[Black "Benitez, Edgar"]
[Result "1/2-1/2"]
[WhiteElo "1854"]
[BlackElo "2006"]

1. b4 e6 2. a3 Nf6 3. Bb2 d5 4. e3 Be7 5. Nf3 O-O 6. Be2 b6 7. O-O Bb7 8. d4
Nbd7 9. Nbd2 Rc8 10. c4 c5 11. Qb3 Ba8 12. Rfd1 Qc7 13. Rac1 Qb8 14. b5 Rfe8
15. Ne5 cxd4 16. exd4 Bd6 17. f4 Nf8 18. g4 N6d7 19. Bf3 Nxe5 20. fxe5 dxc4 21.
Rxc4 Rxc4 22. Qxc4 Rc8 23. Bc6 Be7 24. Ne4 Ng6 25. Rc1 Nf4 26. Qf1 Nd5 27. Bxa8
Qxa8 28. Rxc8+ Qxc8 29. Qc1 Qxc1+ 30. Bxc1 Kf8 31. Kf2 Ke8 32. a4 h6 33. Bd2
Kd7 34. Nc3 Nc7 35. Kf3 f6 36. Ne4 fxe5 37. dxe5 Nd5 38. Nc3 Nc7 39. Ke4 Bb4
40. Kd3 Bxc3 41. Kxc3 Nd5+ 42. Kd3 Ne7 43. Bb4 g6 44. Bxe7 Kxe7 1/2-1/2

[Event "Club Championships, B Grade"]
[Site "Wellington Chess Club"]
[Date "2018.10.18"]
[Round "5.2"]
[White "Day, Fabian"]
[Black "Jackson, Ross"]
[Result "1/2-1/2"]
[WhiteElo "1899"]
[BlackElo "1945"]

1. e4 c5 2. Nf3 d6 3. d4 cxd4 4. Nxd4 Nf6 5. Nc3 Nc6 6. Bc4 e6 7. Be3 Bd7 8.
Qe2 a6 9. Bb3 Rc8 10. O-O-O Na5 11. g4 Nxb3+ 12. axb3 Rxc3 13. bxc3 Nxe4 14.
Kb2 d5 15. f3 Nd6 16. Rhe1 Be7 17. f4 O-O 18. f5 Ne4 19. fxe6 fxe6 20. Ra1 Qc7
21. Qd3 Rc8 22. Bd2 Qxh2 23. Nf3 Qc7 24. Rxe4 dxe4 25. Qxe4 Bf6 26. Nd4 e5
1/2-1/2

[Event "Club Championships, B Grade"]
[Site "Wellington Chess Club"]
[Date "2018.10.18"]
[Round "5.2"]
[White "Mullan, Brett"]
[Black "Chen, Wei Kai"]
[Result "0-1"]
[WhiteElo "1923"]
[BlackElo "1895"]

1. Nf3 d5 2. d4 c5 3. e3 Nc6 4. g3 Bg4 5. Bg2 Nf6 6. h3 Bh5 7. a3 e6 8. O-O Bd6
9. dxc5 Bxc5 10. b4 Bb6 11. Bb2 O-O 12. g4 Bg6 13. Nbd2 Rc8 14. Nh4 d4 15. Nc4
dxe3 16. Nxb6 Qxb6 17. Nxg6 exf2+ 18. Rxf2 hxg6 19. Qe2 e5 20. Bxc6 Rxc6 21.
Kg2 Re8 22. c4 Rce6 23. Re1 Qc6+ 24. Kg3 e4 25. c5 e3 26. Rf3 Ne4+ 27. Kh2 Nd2
28. Rg3 Rf8 29. Rxe3 Rxe3 30. Qxd2 Qc7+ 0-1

[Event "Club Championships, B Grade"]
[Site "Wellington Chess Club"]
[Date "2018.10.18"]
[Round "5.2"]
[White "Rossiter, Philip"]
[Black "Benitez, Edgar"]
[Result "0-1"]
[WhiteElo "1947"]
[BlackElo "2006"]

1. c4 e5 2. Nc3 Nf6 3. Nf3 d6 4. d3 Be7 5. g3 b6 6. Bg2 Bb7 7. O-O O-O 8. Bd2
Nbd7 9. a3 a5 10. Qc2 Nc5 11. e4 Ne6 12. b4 axb4 13. axb4 Qd7 14. Nd5 Rfb8 15.
Rfb1 Qd8 16. h3 Bf8 17. Be3 Nd7 18. Qd2 Rxa1 19. Rxa1 Ra8 20. Qc3 c6 21. Nd2
cxd5 22. Rxa8 Qxa8 23. cxd5 Nd8 24. Nc4 Qc8 25. Qa3 b5 26. Na5 Qc7 27. d4 exd4
28. Bxd4 f6 29. Qd3 Ba6 30. Qf3 Ne5 31. Qe3 Ndf7 32. f4 Nc4 33. Qc3 Qc8 34. Nc6
Nd8 35. e5 fxe5 36. fxe5 dxe5 37. Bxe5 Bb7 38. Na7 Qd7 39. Qd4 Bxb4 40. Qf4 Nf7
41. Bd4 Bxd5 42. Qb8+ Bf8 43. Bc5 Nd8 44. Bxd5+ Qxd5 45. Bxf8 Kxf8 46. Nxb5
Qc5+ 47. Kg2 Qc6+ 48. Kg1 Ke7 49. Na7 Qc5+ 50. Kg2 Nd6 51. Qa8 Qc2+ 52. Kg1
Qd1+ 53. Kg2 Qe2+ 54. Kg1 Ne4 55. Nc8+ Kf6 0-1

[Event "Club Championships, B Grade"]
[Site "Wellington Chess Club"]
[Date "2018.10.18"]
[Round "5.2"]
[White "Sole, Michael"]
[Black "Winfield, Alan"]
[Result "1-0"]
[WhiteElo "1899"]
[BlackElo "1957"]

1. d4 e6 2. e4 d5 3. Nc3 Nf6 4. Bg5 Be7 5. e5 Nfd7 6. h4 c5 7. Bxe7 Qxe7 8. Nb5
O-O 9. Nc7 cxd4 10. Nxa8 Nxe5 11. Qxd4 Nbc6 12. Qd2 Qd6 13. Bd3 Nxd3+ 14. cxd3
Bd7 15. Nf3 e5 16. O-O Rxa8 17. Rfe1 Re8 18. a3 f5 19. Rad1 f4 20. d4 Bg4 21.
dxe5 Nxe5 22. Qc3 Nxf3+ 23. gxf3 Rc8 24. Qb3 Be6 25. Qxb7 Rc2 26. Rc1 Rxc1 27.
Rxc1 h6 28. Qc7 Qf8 29. Qe5 Qf7 30. Re1 Bh3 31. Qe8+ Qxe8 32. Rxe8+ Kf7 33. Ra8
d4 (33... Ke6 34. Rxa7 d4 35. Ra8 Kd6 36. Rd8+ Bd7 (36... Ke5) 37. Kf1) 34. Rd8
1-0

[Event "Club Championships, B Grade"]
[Site "Wellington Chess Club"]
[Date "2018.10.25"]
[Round "5.2"]
[White "Chen, Wei Kai"]
[Black "Rossiter, Philip"]
[Result "1-0"]
[WhiteElo "1895"]
[BlackElo "1947"]

1. e4 d5 2. exd5 Nf6 3. Nf3 Bg4 4. Nc3 Nxd5 5. Bc4 e6 6. O-O Be7 7. Re1 O-O 8.
Nxd5 exd5 9. Bxd5 Qxd5 10. Rxe7 Nc6 11. Re3 Rae8 12. h3 Rxe3 13. fxe3 Bh5 14.
Qf1 Nb4 15. Ne1 Bg6 16. d3 Qc5 17. Bd2 Re8 18. a3 Nc6 19. Qf3 Qg5 20. Qf4 Qxf4
21. exf4 Nd4 22. Rd1 f5 23. c3 Nb3 24. Kf2 Bh5 25. Nf3 Rd8 26. Be3 Kf7 27. g4
fxg4 28. hxg4 1-0

[Event "Club Championships, B Grade"]
[Site "Wellington Chess Club"]
[Date "2018.10.25"]
[Round "5.2"]
[White "Sole, Michael"]
[Black "Lyall, Gordon"]
[Result "1/2-1/2"]
[WhiteElo "1899"]
[BlackElo "1854"]

1. e4 c6 2. d4 d5 3. exd5 cxd5 4. c4 Nf6 5. Nc3 Nc6 6. Bg5 dxc4 7. Nf3 (7. Bxc4
Nxd4 (7... Qxd4 8. Qxd4 Nxd4 9. O-O-O e5 10. f4) 8. Nf3 Nxf3+ 9. Qxf3) 7... Bg4
8. Bxf6 $2 (8. d5 Ne5 9. Bxc4 Nxc4 10. Qa4+ Qd7 11. Qxc4) 8... exf6 9. Bxc4
Bxf3 10. gxf3 Qe7+ (10... Nxd4 11. Nb5 (11. Qa4+) 11... Nc6 12. Qxd8+ Rxd8 13.
Nc7+)  (10... Qxd4 11. Qxd4 Nxd4 12. O-O-O) 11. Be2 O-O-O $2 12. d5 Ne5 13. O-O
$1 Qd7 $2 14. Qd4 Kb8 15. a4 (15. Nb5 $4 Qxb5 16. Bxb5 Nxf3+ 17. Kh1 Nxd4)
15... Nc6 16. Qe3 Ne7 17. Nb5 Nc8 18. Rfc1 b6 19. a5 Bc5 20. Qf4+ Bd6 21. Nxd6
Qxd6 22. Qa4 Qxd5 $2 23. axb6 axb6 24. Rxc8+ Kxc8 25. Qa7 (25. Qa6+ Kd7 (25...
Kc7 26. Qa7+ Kd6 27. Rd1) 26. Rd1) 25... Qc5 (25... Rd6 26. Rc1+ Kd8 27. Qc7+
Ke8 28. Ra1) 26. Ba6# 1/2-1/2